Szczegóły MARC21

Myśl morska w XXI wieku : XXIII Sejmik Morski : praca zbiorowa /

005 -DATA I CZAS OSTATNIEJ MODYFIKACJI [,]
    • @
    • pole kontrolne
    • 20140714102723.0
040 -Instytucja sporządzająca opis [ , ]
    • a
    • Instytucja, która sporządziła opis (NP)
    • SZCZ U/SA
    • c
    • Instytucja, która sporządziła rekord (NP)
    • SZCZ U/SA
    • d
    • Instytucja, która zmodyfikowała rekord (P)
    • SZCZ U/AP
041 -Język dokumentu [0, ]
    • a
    • Język tekstu (P)
    • polski
044 -Kraj miejsca wydania [ , ]
    • a
    • Kraj miejsca wydania
    • Polska
942 -Rodzaj dokumentu [ , ]
    • c
    • Rodzaj dokumentu
    • Książka
111 -Hasło główne - nazwa imprezy [2, ]
    • 9
    • KHW
    • 72524
    • a
    • Nazwa imprezy (NP)
    • Sejmik Morski Find
    • n
    • Numer imprezy (P)
    • (23 ;
    • d
    • Data imprezy (NP)
    • 2007 ;
    • c
    • Miejsce imprezy (NP)
    • Kołobrzeg)
245 -Strefa tytułu i oznaczenia odpowiedzialności [0,0]
    • a
    • Tytuł
    • Myśl morska w XXI wieku : Find
    • b
    • Ciąg dalszy tytułu (NP)
    • XXIII Sejmik Morski : praca zbiorowa / Find
    • c
    • Pozostałe elementy strefy tytułu i oznaczenia odpowiedzialności (NP)
    • pod red. Michała Plucińskiego, Dariusza Waldzińskiego ; Katolickie Stowarzyszenie "Civitas Christiana". Ośrodek Myśli Morskiej Gdańsk-Szczecin, Wydział Zarządzania i Ekonomiki Usług uniwersytetu Szczecińskiego, Urząd Miasta Kołobrzeg.
246 -Wariant tytułu [3, ]
    • a
    • Tytuł (NP)
    • Myśl morska w dwudziestym pierwszym wieku
260 -Strefa adresu wydawniczego [ , ]
    • a
    • Miejsce wydania (P)
    • [Szczecin] :
    • b
    • Nazwa wydawcy (P)
    • Katolickie Stowarzyszenie Civitas Christiana ;
    • b
    • Nazwa wydawcy (P)
    • Związek Armatorów Polskich,
    • c
    • Data wydania (P)
    • [2008]
300 -Strefa opisu fizycznego [ , ]
    • a
    • Określenie formy książki i/lub objętość (NP)
    • 300 s. :
    • b
    • Oznaczenie ilustracji (NP)
    • il. ;
490 -Strefa serii i książki wielotomowej - forma nie do wyszukiwania [1, ]
    • a
    • Tytuł (P)
    • Zeszyty Morskie, Find
    • x
    • ISSN (NP)
    • 1234-4826
830 -Hasło dodatkowe serii i opisu książki wielotomowej - tytuł ujednolicony/tytuł [ ,0]
    • 9
    • KHW
    • 16787
    • a
    • Tytuł ujednolicony/tytuł (NP)
    • Zeszyty Morskie
    • x
    • ISSN
    • 1234-4826
500 -Uwaga ogólna [ , ]
    • a
    • Uwaga ogólna (NP)
    • Miejsce i rok wydania na podst. okł.
504 -Uwaga dot. bibliogr. załącznikowej [ , ]
    • a
    • Uwaga dot. bibliografii załącznikowej
    • Bibliogr.
080 -Uniwersalna Klasyfikacja Dziesiętna [ , ]
    • 2
    • Identyfikator wydania tablic
    • UDC-P058
    • 9
    • UKD
    • 3207
    • a
    • Symbol klasyfikacji
    • 338
    • b
    • Dopowiedzenie
    • Sytuacja gospodarcza. Polityka, kierowanie i planowanie gospodarcze. Ceny.
    • 4
    • UKD2
    • 7642
    • x
    • Poddział wspólny
    • (438)
    • c
    • Dopowiedzenie poddz. wspólnego
    • (Polska).
    • 4
    • UKD2
    • 7641
    • x
    • Poddział wspólny
    • (061)
    • c
    • Dopowiedzenie poddz. wspólnego
    • (Wydawnictwa odnoszące się do konferencji, zjazdów itd. Sprawozdania z konferencji).
080 -Uniwersalna Klasyfikacja Dziesiętna [ , ]
    • 2
    • Identyfikator wydania tablic
    • UDC-P058
    • 9
    • UKD
    • 3234
    • a
    • Symbol klasyfikacji
    • 338.4(26)
    • b
    • Dopowiedzenie
    • Gospodarka morska.
    • 4
    • UKD2
    • 7642
    • x
    • Poddział wspólny
    • (438)
    • c
    • Dopowiedzenie poddz. wspólnego
    • (Polska).
    • 4
    • UKD2
    • 7641
    • x
    • Poddział wspólny
    • (061)
    • c
    • Dopowiedzenie poddz. wspólnego
    • (Wydawnictwa odnoszące się do konferencji, zjazdów itd. Sprawozdania z konferencji).
980 -Symbol UKD [ , ]
    • a
    • UKD
    • 338:338.4(26)](438)(061)
700 -Hasło dodatkowe - nazwa osobowa [1, ]
    • 9
    • KHW
    • 14199
    • a
    • Nazwa osobowa (NP)
    • Pluciński, Michał. Find
    • e
    • Określenie rodzaju współpracy
    • Red.
700 -Hasło dodatkowe - nazwa osobowa [1, ]
    • 9
    • KHW
    • 72518
    • a
    • Nazwa osobowa (NP)
    • Waldziński, Dariusz Find
    • d
    • Daty biograficzne (NP)
    • (1959-2011).
    • e
    • Określenie rodzaju współpracy
    • Red.
710 -Hasło dodatkowe - nazwa ciała zbiorowego [2, ]
    • 4
    • Kod relacji
    • pbl
    • 9
    • KHW
    • 646248
    • a
    • Nazwa ciała zbiorowego lub nazwa geograficzna jako pierwszy element (NP)
    • Katolickie Stowarzyszenie "Civitas Christiana".
    • b
    • Nazwa jednostki podrzędnej (P)
    • Ośrodek Myśli Morskiej.
710 -Hasło dodatkowe - nazwa ciała zbiorowego [2, ]
    • 9
    • KHW
    • 16791
    • a
    • Nazwa ciała zbiorowego lub nazwa geograficzna jako pierwszy element (NP)
    • Uniwersytet Szczeciński.
    • b
    • Nazwa jednostki podrzędnej (P)
    • Wydział Zarządzania i Ekonomiki Usług.
710 -Hasło dodatkowe - nazwa ciała zbiorowego [1, ]
    • 9
    • KHW
    • 72521
    • a
    • Nazwa ciała zbiorowego lub nazwa geograficzna jako pierwszy element (NP)
    • Kołobrzeg (Polska).
    • b
    • Nazwa jednostki podrzędnej (P)
    • Urząd Miejski.
710 -Hasło dodatkowe - nazwa ciała zbiorowego [2, ]
    • 4
    • Kod relacji
    • pbl
    • 9
    • KHW
    • 684041
    • a
    • Nazwa ciała zbiorowego lub nazwa geograficzna jako pierwszy element (NP)
    • Związek Armatorów Polskich.
Lokalizacja Data inwentaryzacji Status udost. Numer inwentarzowy Sygnatura
T2015-12-02-2T.19046T.19046